| 000 | 00595nam a22001937a 4500 | ||
|---|---|---|---|
| 003 | OSt | ||
| 005 | 20140310181744.0 | ||
| 008 | 130601t xxu||||| |||| 00| 0 eng d | ||
| 050 |
_aQA 39 _b.F982 2007 |
||
| 082 |
_aFIL 510 _bG28 2007 |
||
| 245 |
_aGeneral Education Advancement Program in Mathematics : _ba self-help guide and assessment manual / |
||
| 260 |
_aPampanga : _bISP Educational Promotion Group, Inc, _c2007. |
||
| 300 | v |
_avii, 315 p. : _bill. col. ; _c28 cm. |
|
| 521 | _acollege students | ||
| 526 | _c1210L-1700L | ||
| 541 | _j1 | ||
| 562 | _e1 | ||
| 942 |
_2lcc _cBK _kM |
||
| 999 |
_c2927 _d2927 |
||